000 00421nam a2200157 i 4500
001 95021
003 ES-MaACL
007 t|
008 050519s1926 ag ||||1| spa d
100 1 _aLugones, Leopoldo.
_974663
245 1 3 _aLa guerra gaucha /
_cLeopoldo Lugones.
250 _a2ยช ed.
260 _aBuenos Aires :
_b[s.n.],
_c1926 (
_fImp. A. de Martino)
300 _a279 p. ;
_c14 cm.
852 _aES-MaACL
_jB-8852
999 _c95021
_d95021